IFM Opac

The care of Book (Record no. 19136)

MARC details
000 -LEADER
fixed length control field 00304nam a22001337a 4500
020 ## - INTERNATIONAL STANDARD BOOK NUMBER
International Standard Book Number 0 902089 78 1
082 ## - DEWEY DECIMAL CLASSIFICATION NUMBER
Classification number 021.009 4 CLA
100 ## - MAIN ENTRY--PERSONAL NAME
Personal name Clark, J. W.
245 ## - TITLE STATEMENT
Title The care of Book
260 ## - PUBLICATION, DISTRIBUTION, ETC.
Place of publication, distribution, etc. LONDON
Name of publisher, distributor, etc. VARIORUM REPRINT
Date of publication, distribution, etc. 1975
300 ## - PHYSICAL DESCRIPTION
Extent xxvi,352p
Other physical details ill.;23CM
500 ## - GENERAL NOTE
General note INDEX
942 ## - ADDED ENTRY ELEMENTS (KOHA)
Koha item type Books
Holdings
Withdrawn status Lost status Damaged status Not for loan Home library Current library Shelving location Date acquired Total Checkouts Full call number Barcode Date last seen Price effective from Koha item type
        IFM Main Campus Library IFM Main Campus Library Archival Collection 10/12/2015   021.009 4 CLA 0000012566 10/12/2017 02/19/2022 Books